Geography Quiz

Random Geography or Asia Quiz
Score 0/36 Timer 03:00
0 Plays Today
Asian Countries % Correct
India
78.2%
China
76%
Japan
75.7%
Russia
75%
Vietnam
74.5%
Indonesia
74.5%
South Korea
74.3%
Iran
74.3%
Yemen
74.3%
North Korea
73.8%
Oman
73.8%
Pakistan
73.5%
Israel
73.5%
Malaysia
73.3%
Thailand
73%
Sri Lanka
73%
Saudi Arabia
72.5%
United Arab Emirates
72.5%
Asian Countries % Correct
Taiwan
71.3%
Turkey
71.3%
Singapore
71%
Cambodia
70.8%
Iraq
70.5%
Philippines
69.8%
Bahrain
69.3%
Qatar
69.3%
Kuwait
69.1%
Bangladesh
68.1%
Lebanon
68.1%
Syria
68.1%
Brunei
66.6%
Maldives
66.6%
Myanmar
66.1%
Jordan
64.9%
Timor Leste
63.6%
Georgia
58.9%

You're not logged in!

Compare scores with friends on all Sporcle quizzes.
OR
Log In

Sporcle TV

Today on Sporcle TV


Watch our educational content, quiz creation guides, and fun videos on Sporcle TV.

Show Comments

Extras

Top Quizzes Today


Score Distribution

Paid Content

Your Account Isn't Verified!

In order to create a playlist on Sporcle, you need to verify the email address you used during registration. Go to your Sporcle Settings to finish the process.

Report this User

Report this user for behavior that violates our Community Guidelines.

Details: